000 00201nam a22001097a 4500
040 _cSY
082 _a631
100 _aNA
245 _aPlanning for agriculture
260 _aRUA
_bNA
_c1999
942 _cEK
999 _c9787
_d9787